Viaje a la luna : tomo i /

Guardado en:
Autor Principal: Verne, Julio
Otros Autores: Lafuerza, Gregorio
Formato: Libro
Publicado: Buenos Aires : Centro Editor de América Latina, 1971
Series:Biblioteca Básica Universal
Materias:
Etiquetas: Agregar Etiqueta
Sin Etiquetas, Sea el primero en etiquetar este registro!
LEADER 00643nam a22002175a 4500
001 CEM.cems012290
005 20060913151825.0
008 130507s1971##################000#0#####d
003 CEMS
082 0 4 |a 843.8 
100 1 |a Verne, Julio 
245 1 0 |a Viaje a la luna :  |b tomo i /  |c Julio Verne : 
260 |a Buenos Aires :  |b  Centro Editor de América Latina,  |c 1971 
300 |a 125 p. 
490 0 |a Biblioteca Básica Universal 
653 |a Literatura 
653 |a Literatura francesa 
653 |a Novelas 
653 |a Novelas francesas 
700 1 |a Lafuerza, Gregorio 
859 |a CEMS  |b BIB. CEMS - 11 de abril  |h 843.8  |i V594-12  |p 23497.06  |t Ej.1  |v I  |3 I